000 005740000a22001810004500
003 MACL
005 20160407162011.0
008 160407b xxu||||| |||| 00| 0 eng d
040 _aMACL
_cMACL
041 _aHindi
082 _a610
100 _aप्रसाद शुकदेव
_950788
245 _aएड़स
_bतथ्‍य एवं भ्रांतियां
260 _bभारतीय प्रकाशन
_c2004
_aनई दिल्‍ली
350 _a100
650 _aSocial Problem & Other Services
_949002
942 _cHIN
_k610
_2ddc
999 _c10211
_d10211